El poder y la sociedad /

Guardado en:
Autor Principal: Schermerhorn, Richard A.
Formato: Libro
Publicado: Buenos Aires : Paidos, 1963
Materias:
Etiquetas: Agregar Etiqueta
Sin Etiquetas, Sea el primero en etiquetar este registro!
LEADER 00591nam a22002055a 4500
001 CEM.cems005876
005 20060214000000.0
008 130507s1963##################000#0#####d
003 CEMS
082 0 4 |a 301 
100 1 |a Schermerhorn, Richard A. 
245 1 0 |a El poder y la sociedad / 
260 |a Buenos Aires :  |b Paidos,  |c 1963 
300 |a 142 p. 
505 0 |a Problemas de vivienda, higiene publica y trabajo en America Latina 
653 |a Poder 
653 |a Poder y sociedad 
653 |a Politica 
653 |a Sociedad y poder 
859 |a CEMS  |b BIB. CEMS - 11 de abril  |h 301  |i Sch28  |p 327.73  |t Ej.1